书目信息 |
| 题名: |
京津冀城市群创新能力提升研究
|
|
| 作者: | 叶堂林 , 李璐 , 毛若冲 著 | |
| 分册: | ||
| 出版信息: | 北京 首都经济贸易大学出版社 2021.04 |
|
| 页数: | 337页 | |
| 开本: | 24cm | |
| 丛书名: | 首都高端智库报告 | |
| 单 册: | ||
| 中图分类: | F299.272 | |
| 科图分类: | ||
| 主题词: | 城市群--cheng shi qun--城市建设--研究--华北地区 | |
| 电子资源: | ||
| ISBN: | 978-7-5638-3217-0 | |
| 000 | 01299nam 2200313 450 | |
| 001 | 202021191346 | |
| 005 | 20211025120130.0 | |
| 010 | @a978-7-5638-3217-0@dCNY76.00 | |
| 100 | @a20210919d2021 em y0chiy50 ea | |
| 101 | 0 | @achi |
| 102 | @aCN@b110000 | |
| 105 | @aak a 000yy | |
| 106 | @ar | |
| 200 | 1 | @a京津冀城市群创新能力提升研究@Ajing jin ji cheng shi qun chuang xin neng li ti sheng yan jiu@f叶堂林, 李璐, 毛若冲等著 |
| 210 | @a北京@c首都经济贸易大学出版社@d2021.04 | |
| 215 | @a337页@c图@d24cm | |
| 225 | 2 | @a首都高端智库报告@Ashou du gao duan zhi ku bao gao |
| 300 | @a首都经济贸易大学出版资助 国家社会科学基金重大项目“基于域治理的京津冀协同发展重大理论与实践问题研究”的阶段成果 | |
| 314 | @a叶堂林, 首都经济贸易大学城市经济与公共管理学院教授、博士生导师。 | |
| 320 | @a有书目 (第320-337页) | |
| 330 | @a本书分为四个篇章, 分别为核心城市创新能力提升研究、京津冀创新生态系统构建研究、我国东部三大城市群的创新能力对比研究和提升京津冀城市群创新能力的主要举措。 | |
| 410 | 0 | @12001 @a首都高端智库报告 |
| 606 | 0 | @a城市群@Acheng shi qun@x城市建设@x研究@y华北地区 |
| 690 | @aF299.272@v5 | |
| 701 | 0 | @a叶堂林@Aye tang lin@4著 |
| 701 | 0 | @a李璐@Ali lu@4著 |
| 701 | 0 | @a毛若冲@Amao ruo chong@4著 |
| 801 | 0 | @aCN@c20210909 |
| 905 | @a河南城建学院图书馆@dF299.272@eY449 | |
| 京津冀城市群创新能力提升研究/叶堂林, 李璐, 毛若冲等著.-北京:首都经济贸易大学出版社,2021.04 |
| 337页:图;24cm.-(首都高端智库报告) |
| 首都经济贸易大学出版资助 国家社会科学基金重大项目“基于域治理的京津冀协同发展重大理论与实践问题研究”的阶段成果 |
| ISBN 978-7-5638-3217-0:CNY76.00 |
| 本书分为四个篇章, 分别为核心城市创新能力提升研究、京津冀创新生态系统构建研究、我国东部三大城市群的创新能力对比研究和提升京津冀城市群创新能力的主要举措。 |
| ● |
| 相关链接 |
|
|
|
正题名:京津冀城市群创新能力提升研究
索取号:F299.272/Y449
 
预约/预借
| 序号 | 登录号 | 条形码 | 馆藏地/架位号 | 状态 | 备注 |
| 1 | 1540463 | 215404630 | 社科库409/409社科库 31排6列4层/ [索取号:F299.272/Y449] | 在馆 | |
| 2 | 1540464 | 215404649 | 社科库409/409社科库 31排6列4层/ [索取号:F299.272/Y449] | 在馆 |